[Event "Arequipa Copa del Rey 3rd"]
[Site "Arequipa"]
[Date "2014.11.01"]
[Round "5"]
[White "Lipa, Jose"]
[Black "Flores, Guillermo"]
[Result "0-1"]
[WhiteElo "1636"]
[BlackElo "2071"]
[PlyCount "78"]
[EventDate "2014.10.31"]
[EventType "swiss"]
[EventRounds "7"]
[EventCountry "PER"]
[SourceTitle "EXT 2018"]
[Source "ChessBase"]
[SourceDate "2017.10.13"]
[SourceVersion "1"]
[SourceVersionDate "2017.10.13"]
[SourceQuality "1"]

1. e4 c5 2. Nf3 e6 3. d4 cxd4 4. Nxd4 Nf6 5. f3 Nc6 6. Be3 d5 7. Nd2 Qb6 8. Bb5 e5 9. exd5 exd4 10. dxc6 Qxb5 11. cxb7 Bxb7 12. Bxd4 Be7 13. Qe2 Qxe2+ 14. Kxe2 0-0 15. Rhe1 Rfd8 16. c3 Ba6+ 17. Kf2 Bc5 18. Nb3 Bxd4+ 19. Nxd4 Rab8 20. b4 Rbc8 21. b5 Bb7 22. Re7 Rd7 23. Rae1 Kf8 24. Nf5 Rcc7 25. Rxd7 Rxd7 26. c4 g6 27. Ne3 Rc7 28. Rc1 Rc5 29. Rc3 a6 30. Rb3 Nd7 31. a4 a5 32. f4 Nb6 33. Rd3 Ke7 34. g4 Nxc4 35. Rc3 Nd6 36. Rxc5 Ne4+ 37. Ke2 Nxc5 38. Nc4 Nxa4 39. Nxa5 Bc8 0-1